000 00710nam a2200241Ia 4500
003 OSt
005 20220927110407.0
006 a|||||r|||| 00| 0
007 ta
008 220926b |||||||| |||| 00| 0 eng d
024 _a36163
037 _cReports
040 _aRTL
_cRTL
_beng
041 _2eng
_aeng
082 _a"X.2(Y31)s, M9/GD"
110 _a"INDIA, AGRICULTURE AND RURAL DEVELOPMENT(Ministry of-)."
_9377539
245 0 _aBasic rural statistics
260 _aDelhi
_bM O P
_c1989
650 _aIndia Economic Conditions
700 _a"INDIA, AGRICULTURE AND RURAL DEVELOPMENT(Ministry of-)."
_9377540
942 _h"X.2(Y31)s, M9/GD"
_cCC
999 _c696301
_d696301